[Event "Kragero Resort A 2020"]
[Site "Kragero"]
[Date "2020.02.22"]
[Round "8.4"]
[White "Mirzoev, Emil"]
[Black "Moiseenko, Vadim"]
[Result "0-1"]
[WhiteElo "2452"]
[BlackElo "2550"]
[Annotator "TA"]
[PlyCount "80"]
[EventDate "2020.02.19"]
[EventType "swiss"]
[EventCountry "NOR"]
[SourceTitle "playchess.com"]
[Source "ChessBase"]
[SourceQuality "1"]

{[%evp 12,80,34,30,58,19,31,36,38,28,27,24,18,20,15,27,20,-37,-23,-33,-33,-21,-17,-104,-104,-107,-106,-106,-107,-103,-103,-99,-98,-96,-99,-161,-166,-176,-185,-195,-200,-197,-187,-322,-308,-358,-363,-348,-342,-335,-119,-510,-511,-603,-400,-394,-382,-827,-823,-797,-810,-6437,-12812,-29954,-6738,-12848,-10931,-7200,-6215,-5081,-673]} 1. e4 e5 2. Nf3 Nc6 3. Bb5 a6 4. Ba4 b5 5. Bb3 Na5 6. O-O d6 7. d4 exd4 {C70: Ruy Lopez: 3...a6 4 Ba4, Norwegian and Delayed Schliemann.} 8. Qxd4 Bb7 {next ...c5 is good for Black.} 9. Bg5 f6 {White is slightly better.} 10. Bxg8 {[#]} fxg5 $5 $146 {[%mdl 8] An interesting novelty.} ({Predecessor:} 10... Rxg8 11. Bh4 Nc4 12. Nbd2 Ne5 13. Nxe5 dxe5 14. Qe3 Qd7 15. Bg3 O-O-O 16. Nb3 Qc6 17. f3 Qb6 18. Bf2 Qxe3 {½-½ (18) Manik,M (2395)-Velicka,P (2430) Stary Smokovec 1996}) 11. Bd5 c6 $1 {[%cal Rc6d5]} 12. Be6 Qe7 13. Bf5 c5 14. Qd3 ({Better is} 14. Qd2 $11) 14... g6 $15 15. Bh3 $1 Nc4 16. b3 Bg7 (16... Bxe4 $6 17. Qe2 $14) 17. c3 (17. Nc3 $11 {remains equal.} Ne5 18. Nxe5 Bxe5 19. Nd5) 17... Ne5 $17 ({Much worse is} 17... Bxe4 $6 18. Qe2 $11) 18. Nxe5 Bxe5 ({Don't take} 18... dxe5 19. f3 $15) 19. Nd2 O-O $36 {[%mdl 2048] Black is really pushing.} 20. Rae1 h5 {[#] ...g4 is the strong threat.} 21. g3 g4 22. Bg2 h4 23. Re3 (23. f4 $17 gxf3 24. Nxf3) 23... Kg7 $19 24. Qe2 Bc8 25. f4 gxf3 $1 26. Nxf3 hxg3 27. hxg3 (27. Nxe5 $142 gxh2+ 28. Kxh2 Qxe5+ 29. Kg1) 27... Bxg3 28. e5 Bf4 29. Rd3 dxe5 30. Nxe5 {aiming for Rxf4.} Bxe5 $2 (30... Ra7 $19 {and Black stays clearly on top.} 31. Rd5 Qg5 32. Rxf4 Qxf4) 31. Re1 $2 {[%mdl 8192] [#]} (31. Re3 $17 {was the crucial defense.}) 31... c4 $1 {[%cal Rc4d3]} ({Less strong is} 31... Bf5 32. Re3 $17) 32. Re3 Qc5 33. Bxa8 Bxc3 {Hoping for ...Bg4!} 34. Be4 $2 (34. Kg2 Bxe1 35. Qxe1) 34... Bxe1 35. Qxe1 Bf5 36. Bxf5 Rxf5 (36... gxf5 $2 37. Qf2 $19) 37. Kg2 Rg5+ 38. Rg3 {Black is clearly winning.} Qd5+ 39. Kg1 Qd4+ 40. Kg2 Re5 {Black took control after the opening. Accuracy: White = 45%, Black = 90%.} (40... Rxg3+ $142 41. Kxg3 c3 42. Qe7+ Kh6 43. Qf8+ Kg5 44. Qe7+ Kf5 45. Qf8+ Ke4 46. Qf3+ Ke5) 0-1

[Event "Kragero Resort A 2020"]
[Site "Kragero"]
[Date "2020.02.22"]
[Round "8.5"]
[White "Altarbosh, Ward"]
[Black "Lie, Kjetil A."]
[Result "0-1"]
[WhiteElo "2149"]
[BlackElo "2523"]
[Annotator "TA"]
[PlyCount "152"]
[EventDate "2020.02.19"]
[EventType "swiss"]
[EventCountry "NOR"]
[SourceTitle "playchess.com"]
[Source "ChessBase"]
[SourceQuality "1"]

{[%evp 18,152,-17,-26,-18,-27,0,-25,-20,-27,-22,-27,-18,-19,-27,-33,-20,-21,-17,-17,0,0,0,0,0,-16,-24,-25,-39,-47,-44,-34,-25,-22,0,0,0,0,0,0,0,0,0,0,0,0,0,-44,-44,-39,-46,-22,0,-34,-23,-46,-45,-45,-29,-80,-80,-84,-75,-75,-91,-97,-98,-121,-91,-97,-90,-101,-83,-146,-147,-134,-93,-106,-93,-197,-201,-206,-200,-200,-196,-250,-277,-372,-370,-367,-360,-345,-346,-504,-490,-490,-454,-413,-395,-625,-494,-1877,-1352,-29954,-29956,-29949,-29954,-29967,-29966,-29963,-29965,-29975,-29976,-29975,0,-29961,-29965,-29967,-1502,-29945,-29947,-29963,-29962,-29965,-29967,-29970,-29972,-29971,-29972,-29970,-29965,-29987,-29988,-29989,-29990,-29993,-29990]} 1. d4 Nf6 2. Nf3 e6 3. g3 c5 4. c3 b6 5. Bg2 Bb7 6. O-O Be7 7. Nbd2 {[%cal Bb1d2,Bd2f3,Bf3e5][%mdl 32]} O-O 8. Re1 d5 9. Ne5 cxd4 10. cxd4 Nc6 {A47: 1 d4 Nf6 2 Nf3 b6: Torre, London and Colle Systems.} 11. Ndf3 Rc8 12. Bd2 Ne4 {Black has an edge.} 13. Nxc6 Bxc6 14. Ne5 Be8 15. Bf4 f6 16. Nd3 g5 17. Be3 Nd6 18. f3 Bg6 19. Bf2 Qd7 20. a4 Rc4 21. b3 Rc3 22. e4 Rfc8 23. Rc1 Rxc1 24. Nxc1 dxe4 25. fxe4 Qc7 26. Nd3 Qc2 27. Qxc2 Rxc2 28. Nb4 Rc3 29. e5 fxe5 {With the idea ...e4.} 30. Nc6 {[%mdl 64] Double Attack} Bf8 31. Nxe5 Bc2 32. Rc1 Rc8 33. b4 Bxa4 34. Ra1 Bb5 35. h4 (35. Bh3 $5 {[%cal Rh3e6]} Nf5 36. d5 $15) 35... gxh4 36. gxh4 Rc7 37. d5 $1 Nf7 38. Ng4 (38. Nc6 $11) 38... Bg7 $36 {[%mdl 2048] Keeping White busy.} 39. Re1 exd5 $1 40. Bxd5 Kf8 $1 41. h5 Rd7 42. Be4 Ng5 {...Bc3 is the strong threat.} 43. Bg2 Bd4 44. h6 Bxf2+ 45. Nxf2 ({Better is} 45. Kxf2 Rd4 46. Kg3 Rxb4 47. Nf6) 45... Nf7 46. Ng4 Rd6 47. Rc1 Nxh6 48. Rc8+ (48. Nxh6 $17 Rxh6 49. Rc8+ Ke7 50. Rc7+ Kd6 51. Rxa7) 48... Kg7 $19 49. Ne3 Kf6 50. Be4 Rd7 51. Rh8 (51. Bg2 {keeps fighting.}) 51... Ke5 52. Bxh7 Rg7+ 53. Kf2 Ng4+ 54. Nxg4+ Rxg4 {[%mdl 4096] Endgame KRB-KRB} 55. Ra8 {[#]} (55. Bg8 {was called for.} Rxb4 56. Rh6) 55... Rg7 $1 56. Bg8 Kd4 57. Rc8 Ba6 58. Ra8 (58. Re8 $142) 58... Kc3 59. Ke1 (59. b5 $142 Bxb5 60. Rb8) 59... Kxb4 60. Kd2 Bc4 61. Bxc4 Kxc4 {KR-KR} 62. Kc1 Kb4 63. Rh8 Rg1+ 64. Kb2 Rg2+ 65. Kb1 Rg1+ 66. Kb2 $1 Rg4 67. Rh6 Ka5 (67... Rg2+ $142 68. Kc1 Ka3 69. Kb1 Rg1+ 70. Kc2 Ka2 71. Rh2 Rb1 72. Rh8 Rb2+ 73. Kc3 a5 74. Ra8 Ka3 75. Ra6 a4 76. Kc4 b5+ 77. Kc5 Ka2 78. Ra7 a3 79. Ra8 Rb3 80. Rg8 Ka1 81. Kc6 a2 82. Rg2 Rb1 83. Rf2 b4 84. Kb5 b3 85. Kc4 b2 86. Rf4 Rh1 87. Re4 b1=Q 88. Kd4 Qb6+ 89. Kd3 {[#]} Qg6 $1 {[%mdl 512]} 90. Kd4 Qd6+ 91. Kc4 Rc1+ 92. Kb3 Kb1 93. Re2 a1=Q 94. Rc2 Qb6+ 95. Kc4 Qad4#) 68. Rh5+ b5 {Black mates.} 69. Rh1 Kb4 70. Rh2 a5 {[%cal Ba7a5,Ba5a4,Ba4a3,Ba3a2][%mdl 32]} 71. Rf2 a4 72. Rh2 a3+ 73. Ka2 Ka4 74. Rh1 b4 {[%cal Bb5b4,Bb4b3][%mdl 32]} 75. Rf1 b3+ 76. Ka1 a2 {Accuracy: White = 69%, Black = 90%.} 0-1

[Event "Kragero Resort A 2020"]
[Site "Kragero"]
[Date "2020.02.22"]
[Round "8.6"]
[White "Beerdsen, Thomas"]
[Black "Seo, Jung Min"]
[Result "0-1"]
[WhiteElo "2497"]
[BlackElo "2424"]
[Annotator "TA"]
[PlyCount "94"]
[EventDate "2020.02.19"]
[EventType "swiss"]
[EventCountry "NOR"]
[SourceTitle "playchess.com"]
[Source "ChessBase"]
[SourceQuality "1"]

{[%evp 10,94,11,21,33,29,29,22,24,-16,9,7,10,8,13,15,33,24,25,17,32,24,25,31,45,27,23,5,4,0,29,28,24,22,28,26,50,35,57,27,31,23,22,22,22,14,29,-166,35,0,0,-34,-39,-25,0,0,0,0,15,16,111,117,290,307,317,297,293,252,262,-188,-182,-296,-300,-390,-370,-375,-372,-369,-376,-2637,-2357,-29986,-29987,-29989,-29990,-29990,-29991]} 1. e4 c6 2. Nf3 d5 3. Nc3 dxe4 4. Nxe4 Nf6 5. Qe2 Nxe4 6. Qxe4 Qa5 {B11: Caro-Kann: Two Knights Variation.} 7. Bc4 Bf5 8. Qf4 {Hoping for b4!} e6 {The position is equal.} 9. Bb3 {[#]} Be7 $146 ({Predecessor:} 9... Nd7 10. O-O {½-½ (10) Munoz Pantoja,M (2511)-Svane,R (2615) Riga 2019}) 10. O-O O-O 11. d4 Nd7 12. Nh4 Bg6 13. Nxg6 hxg6 14. Bd2 Qd8 15. Rfe1 Nf6 16. Rad1 Qd6 17. Qh4 Nh5 18. Qg4 Nf6 19. Qh4 Nh5 20. Qe4 Nf6 21. Qe3 Rad8 22. c3 Rfe8 23. Qf3 b5 24. h4 c5 25. dxc5 Qxc5 26. Be3 Qc7 27. Bd4 a5 28. Re5 $2 (28. g3 $11 {and White has nothing to worry.}) 28... Rb8 $2 (28... a4 $19 29. Bxe6 fxe6 30. Rxe6 Qc8) 29. Rde1 {Threatens to win with h5.} Bd6 30. Rg5 e5 31. Be3 {Black must now prevent Rxg6.} e4 32. Qe2 a4 33. Bc2 a3 34. bxa3 Qxc3 (34... Bh2+ $11 35. Kf1 Bf4) 35. Bb3 $16 Kf8 $2 (35... Bxa3 $16 36. Rxg6 Qb2) 36. Rc1 $18 Qa5 {[#]} 37. h5 $1 {[%mdl 512]} Bxa3 (37... Nxh5 38. Rxh5) 38. hxg6 Bxc1 39. gxf7 $4 {[%mdl 8192]} (39. Bxc1 $18 {was the only winning move.} Qc7 40. Be3 fxg6 41. Bc5+ (41. Rxg6 Re7 $16) 41... Re7 42. Qe3 (42. Bxe7+ Kxe7 43. Qd2 Kf8 $16)) 39... Rec8 $19 40. Qd1 {[#]} (40. Bc5+ {was the only defense.} Rxc5 41. Rxc5) 40... Ba3 $1 41. Qd4 {intending Qe5.} Qe1+ 42. Kh2 {aiming for Bd2.} Qc3 43. Qa7 Ra8 44. Rxg7 $2 (44. Qb6) 44... Rxa7 45. Bh6 Qe5+ {Black mates.} 46. Kg1 {[#]} Rc1+ $1 {[%mdl 64] Deflection} 47. Bxc1 Kxg7 {Accuracy: White = 77%, Black = 74%.} 0-1

[Event "Kragero Resort A 2020"]
[Site "Kragero"]
[Date "2020.02.22"]
[Round "8.7"]
[White "Mikalsen, Erlend"]
[Black "Notkevich, Benjamin Arvola"]
[Result "1/2-1/2"]
[WhiteElo "2364"]
[BlackElo "2495"]
[Annotator "TA"]
[PlyCount "88"]
[EventDate "2020.02.19"]
[EventType "swiss"]
[EventCountry "NOR"]
[SourceTitle "playchess.com"]
[Source "ChessBase"]
[SourceQuality "1"]

{[%evp 10,88,0,0,0,-5,33,43,39,37,31,28,38,20,40,0,0,0,0,0,31,38,27,25,44,38,34,33,64,34,33,46,31,-8,0,-10,3,0,-15,4,40,43,40,42,80,77,132,138,122,118,121,114,102,123,109,105,126,121,140,75,150,156,150,141,348,261,246,241,250,0,0,0,0,0,0,0,0,0,0,0,0]} 1. e4 e5 2. Nc3 Nf6 3. Bc4 Nxe4 4. Qh5 Nd6 5. Bb3 Be7 6. Qxe5 O-O $1 {C27: Vienna Game: 2...Nf6 3 Bc4 Nxe4.} 7. d4 c6 (7... Nc6 {is more complex.} 8. Qf4 Re8 9. Nge2 b6 10. O-O Na5) 8. Nf3 Ne8 {White is slightly better.} 9. d5 d6 10. Qf4 Nd7 11. Be3 Ndf6 12. h3 Nc7 13. dxc6 bxc6 14. Nd4 Qd7 15. O-O-O Ne6 16. Qf3 Nxd4 17. Bxd4 d5 18. Rhe1 Qb7 19. g4 Be6 20. Qg2 Qc7 21. Kb1 Nd7 22. Be3 Bb4 23. f4 Bxc3 24. bxc3 {aiming for f5.} Nf6 25. f5 $36 {[%mdl 2048] Black is under pressure.} Bd7 26. Bd4 Ne4 27. c4 $1 Rab8 (27... Qa5 $142) 28. Bb2 $16 Rfe8 29. cxd5 cxd5 30. Rxd5 Nc3+ 31. Bxc3 $1 Qxc3 32. Rxe8+ Rxe8 33. Rd1 Bc6 34. Qf1 (34. Qf2 $142) 34... Be4 (34... a5 $142) 35. Qb5 $1 {[%cal Rb5e8]} Rc8 {[%cal Re4c2] [#]} 36. Qa4 $1 {[%cal Ra4e4][%mdl 64] Double Attack} Qf3 $2 {[#]} (36... Bf3 $16 {might work better.} 37. Rd3 Qe1+ 38. Kb2 Qe5+ 39. Qd4 Qxd4+ 40. Rxd4 Bc6) 37. Qd7 $1 {[%cal Rd7c8][%mdl 64] Double Attack} Bxc2+ 38. Bxc2 {[%cal Rd7c8]} Rb8+ {[#]} 39. Bb3 $2 (39. Kc1 $1 $18 {Intending Qd8+! and mate.} Qe3+ 40. Rd2) 39... Rxb3+ $11 {The position is equal.} 40. axb3 Qxb3+ 41. Kc1 {[%cal Rd7e8]} Qc3+ 42. Kb1 {[%cal Rd7e8]} Qb3+ 43. Kc1 {[%cal Rd7e8]} Qc3+ 44. Kb1 {[%cal Rd7e8]} Qb3+ {Accuracy: White = 78%, Black = 66%.} 1/2-1/2

[Event "Kragero Resort A 2020"]
[Site "Kragero"]
[Date "2020.02.22"]
[Round "8.8"]
[White "Postny, Evgeny"]
[Black "Shehzad, Shazil"]
[Result "1-0"]
[WhiteElo "2611"]
[BlackElo "2144"]
[Annotator "TA"]
[PlyCount "55"]
[EventDate "2020.02.19"]
[EventType "swiss"]
[EventCountry "NOR"]
[SourceTitle "playchess.com"]
[Source "ChessBase"]
[SourceQuality "1"]

{[%evp 18,55,35,15,17,14,28,18,27,22,10,-13,17,10,12,-16,-10,-15,0,-12,18,14,18,0,52,10,16,20,51,61,243,250,251,250,512,529,754,747,1059,1093]} 1. d4 Nf6 2. c4 e6 3. Nf3 d5 4. g3 Bb4+ 5. Bd2 Be7 6. Bg2 O-O 7. O-O Nbd7 8. Qc2 Ne4 9. Bf4 $1 {9.Bf4 is better than 9.Nc3.} c6 10. Nc3 g5 {[#] White must now prevent ...Nxc3. E08: Closed Catalan: Main Line: 7 Qc2.} 11. Bc1 f5 12. b3 Rb8 {[#] The position is equal.} 13. a4 $146 ({Predecessor:} 13. Bb2 b6 14. Rfd1 Bb7 15. Ne1 Qe8 16. Nd3 Qh5 17. e3 Nef6 18. Qe2 Qg6 19. Rac1 {1-0 (44) Rishovd,S (2124)-Jacobsen,M (2343) Helsingor 2019}) 13... a5 14. Ba3 (14. Ne1 {is more complex.} Nd6 15. cxd5 exd5 16. Nd3 Nf7 17. e3) 14... b6 15. Bxe7 Qxe7 16. Rfc1 Bb7 17. e3 Rbc8 18. Qb2 h6 19. Rc2 Nd6 20. Ne2 Ba6 (20... dxc4 $11 21. Ne5 Nxe5 22. dxe5 Nf7) 21. Qa3 Rfe8 22. Rac1 Kg7 23. Ne5 Kf6 $2 {This move loses the game for Black.} (23... Nf6 $14) 24. cxd5 $18 cxd5 25. Rc7 Rxc7 $2 (25... Red8 {keeps fighting.}) 26. Rxc7 {White is clearly winning.} Rd8 27. Nc6 {[%mdl 64] [#] Double Attack} Qf8 28. Nxd8 {Accuracy: White = 87%, Black = 43%.} 1-0

[Event "Kragero Resort A 2020"]
[Site "Kragero"]
[Date "2020.02.22"]
[Round "8.9"]
[White "Alinasab, Mobina"]
[Black "Vrolijk, Liam"]
[Result "0-1"]
[WhiteElo "2333"]
[BlackElo "2501"]
[Annotator "TA"]
[PlyCount "116"]
[EventDate "2020.02.19"]
[EventType "swiss"]
[EventCountry "NOR"]
[SourceTitle "playchess.com"]
[Source "ChessBase"]
[SourceQuality "1"]

{[%evp 9,116,47,41,51,30,38,42,39,49,53,64,50,59,16,31,0,0,-14,-9,-29,0,0,0,-71,-88,-62,-33,-32,-28,-53,-44,-135,-143,-141,-135,-143,-135,-146,-137,-137,-129,-133,-130,-184,-120,-187,-190,-188,-181,-185,-177,-175,-178,-202,-193,-187,-185,-181,-175,-171,-164,-172,-122,-146,-152,-168,-170,-190,-111,-161,-135,-294,-293,-339,-334,-362,-368,-368,-367,-333,-346,-396,-385,-434,-376,-376,-343,-481,-486,-598,-591,-566,-447,-406,0,-552,-559,-512,-375,-416,-404,-29958,-794,-29960,-29951,-29981,-29982,-29982,-29983]} 1. e4 e5 2. Nf3 Nc6 3. Bb5 a6 4. Ba4 g6 5. c3 Bg7 6. d4 {C70: Ruy Lopez: 3...a6 4 Ba4, Norwegian and Delayed Schliemann.} exd4 7. cxd4 b5 8. Bc2 {White is slightly better.} Nge7 9. d5 Na5 10. Bd2 c5 11. d6 Nec6 12. Bc3 O-O 13. O-O Bb7 {[#]} 14. b3 $146 ({Predecessor:} 14. Bxg7 Kxg7 15. Nc3 Nb4 16. Bb1 Nc4 17. a3 Nc6 18. Ba2 Qf6 19. Bxc4 bxc4 20. Na4 {1-0 (41) Ortega Ruiz,J (2280)-Garcia Castany Musellas,G (2203) Linares 2018}) 14... Nb4 15. Bxg7 Kxg7 16. a3 (16. Nc3 $11) 16... Nxc2 $17 17. Qxc2 Qf6 18. Nbd2 Rac8 19. e5 Qe6 $1 20. Rab1 (20. Qc3 $15 Bxf3 21. Qxa5) 20... c4 $36 {[%mdl 2048] Black is on the roll.} 21. b4 c3 22. bxa5 {[#] Hoping for Ne4.} cxd2 23. Qxd2 Bxf3 $1 24. gxf3 Qxe5 25. Rfe1 Qf6 26. Rb3 (26. Rb4 $17) 26... Rfe8 ({Better is} 26... Rc6 $19 27. Rd3 Rfc8) 27. Rxe8 (27. Re7 $17) 27... Rxe8 {[%mdl 4096] Endgame KQR-KQR} 28. Re3 Rc8 29. Kg2 Rc6 30. Rd3 Qa1 31. Qe3 Rc1 {( -> ...Rg1+)} 32. f4 Rg1+ 33. Kf3 {If only White now had time for Qe5+....} Re1 34. Qd2 Re6 {aiming for ...Qh1+.} 35. Kg2 Qf6 36. Qb4 h5 37. Rd5 Re2 38. Rd2 Re8 (38... Re1 $19 39. a4 Qe6) 39. Rd5 Qa1 40. Qc5 $2 (40. f5 $17 {was worth a try.}) 40... Re4 $19 41. Re5 Rxf4 42. h3 Qd4 ({Don't play} 42... Qd1 43. Qe3 $19) 43. Qxd4 Rxd4 {KR-KR} 44. Re8 Rxd6 45. Rb8 Kf6 46. Kf3 Ke5 47. Ke3 Kd5 48. Kd3 (48. a4 {might work better.} bxa4 49. Rb4) 48... Rf6 49. Kc3 Rf3+ 50. Kb4 Rf4+ 51. Kb3 Rf3+ 52. Kb4 Rxh3 53. Rb6 Rh1 {White must now prevent ...h4.} 54. Rxa6 h4 55. Rf6 {[#]} (55. Ra8 $19 h3 56. a6 Rb1+ 57. Ka5) 55... Rb1+ $1 56. Kc3 h3 {Black mates.} 57. a6 h2 58. a7 Rc1+ {Accuracy: White = 56%, Black = 85%.} 0-1

[Event "Kragero Resort A 2020"]
[Site "Kragero"]
[Date "2020.02.22"]
[Round "8.10"]
[White "Hauge, Lars Oskar"]
[Black "Holleland, Sigve"]
[Result "1-0"]
[WhiteElo "2472"]
[BlackElo "2076"]
[Annotator "TA"]
[PlyCount "69"]
[EventDate "2020.02.19"]
[EventType "swiss"]
[EventCountry "NOR"]
[SourceTitle "playchess.com"]
[Source "ChessBase"]
[SourceQuality "1"]

{[%evp 17,69,28,118,118,153,105,145,155,140,133,202,148,160,151,159,156,205,206,219,195,249,254,239,242,241,240,330,259,284,188,191,178,243,260,332,323,443,434,497,470,1321,1314,1300,1217,29979,29980,29980,29981,29993,29992,29992,29991,29991,29990]} 1. e4 c5 2. Nc3 d6 3. f4 g6 4. Nf3 Bg7 5. Bb5+ Nc6 6. Bxc6+ bxc6 7. d3 Nf6 8. O-O O-O 9. Qe1 e6 {[#] 9...Bg4 is setting a new trend.} (9... Rb8 $11 {remains equal.}) 10. e5 $1 $16 {[%cal Re5f6] B23: Closed Sicilian: Lines without g3.} Ne8 11. Ne4 {[#]} c4 $146 ({Predecessor:} 11... Ba6 12. exd6 c4 13. Nc5 Nxd6 14. Be3 Bc8 15. d4 Rb8 16. Rb1 Nf5 17. c3 Ne7 {1-0 (58) Das,S (2399)-Priyanka,N (2104) Pardubice 2017}) 12. dxc4 {White is clearly better.} d5 13. Nc5 Qb6 (13... Nc7 $16 {was called for.} 14. Be3 Na6) 14. Qf2 Nc7 15. cxd5 exd5 16. c3 Rb8 17. b3 Nb5 18. Bd2 Rd8 (18... Qd8 $142 19. a4 Nc7) 19. a4 $18 d4 20. axb5 Qxc5 21. bxc6 ({Much less strong is} 21. cxd4 $6 Qxb5 22. Qh4 (22. Rxa7 Qxb3 23. Rc1 Bg4 $16) 22... Bf5 $16) ({Resist} 21. Nxd4 $6 cxb5 22. Be3 Qc7 $16) 21... Rxb3 22. Nxd4 Rb2 23. Rfb1 Rxb1+ 24. Rxb1 a5 (24... f6 {might work better.} 25. Rb5 Qe7 26. exf6 Qxf6) 25. Rb5 Qa3 26. h3 Bf8 27. f5 Bc5 28. Kh2 Bxf5 (28... a4 $142 29. Qh4 Be7) 29. Qh4 Be7 30. Bg5 Re8 31. Nxf5 {White mates.} gxf5 {[#]} 32. Rb8 $1 {[%mdl 512]} f6 (32... Rxb8 33. Bxe7) 33. Rxe8+ Kf7 34. Qh5+ Ke6 35. c7 {Accuracy: White = 80%, Black = 27%.} 1-0

[Event "Kragero Resort A 2020"]
[Site "Kragero"]
[Date "2020.02.22"]
[Round "8.11"]
[White "Stanford, Maxim Barth"]
[Black "Kaasen, Tor Fredrik"]
[Result "1-0"]
[WhiteElo "2339"]
[BlackElo "2393"]
[Annotator "ChessBase"]
[PlyCount "73"]
[EventDate "2020.02.19"]
[EventType "swiss"]
[EventCountry "NOR"]
[SourceTitle "playchess.com"]
[Source "ChessBase"]
[SourceQuality "1"]
[TimeControl "5400+30"]

1. d4 {[%emt 0:00:00]} Nf6 {[%emt 0:02:38]} 2. Bf4 {[%emt 0:00:21]} c5 {[%emt 0:01:15]} 3. d5 {[%emt 0:00:15]} b5 {[%emt 0:00:28]} 4. c4 {[%emt 0:02:30]} e6 {[%emt 0:04:20]} 5. dxe6 {[%emt 0:02:08]} fxe6 {[%emt 0:00:17]} 6. cxb5 {[%emt 0:00:37]} a6 {[%emt 0:05:15]} 7. e4 {[%emt 0:06:37]} axb5 {[%emt 0:07:48]} 8. Nc3 {[%emt 0:01:33]} Qa5 {[%emt 0:03:49]} 9. Bxb5 {[%emt 0:06:34]} Nxe4 {[%emt 0:04:01]} 10. Nge2 {[%emt 0:00:11]} Be7 {[%emt 0:04:28]} 11. O-O {[%emt 0:01:39]} Nf6 {[%emt 0:01:44]} 12. Bd6 {[%emt 0:02:59]} Ba6 {[%emt 0:05:05]} 13. a4 {[%emt 0:04:15]} Qb6 {[%emt 0:00:32]} 14. Bxe7 {[%emt 0:00:42]} Kxe7 {[%emt 0:00:10]} 15. Nf4 {[%emt 0:01:34]} Bb7 {[%emt 0:10:03]} 16. Re1 {[%emt 0:05:58]} Kf7 {[%emt 0:05:33]} 17. Nh5 {[%emt 0:04:35]} Rg8 {[%emt 0:04:30]} 18. Re3 {[%emt 0:02:43]} Nc6 {[%emt 0:06:54]} 19. Nxf6 {[%emt 0:06:16]} gxf6 {[%emt 0:00:10]} 20. Qh5+ {[%emt 0:00:19]} Kg7 {[%emt 0:01:39]} 21. Ne4 {[%emt 0:09:03]} Ne5 {[%emt 0:06:42]} 22. Rg3+ {[%emt 0:08:38]} Ng6 {[%emt 0:01:35]} 23. Rd1 {[%emt 0:01:09]} d5 {[%emt 0:01:48]} 24. Rh3 {[%emt 0:01:39]} Rh8 {[%emt 0:05:03]} 25. Qh6+ {[%emt 0:00:41]} Kf7 {[%emt 0:00:11]} 26. Nxf6 {[%emt 0:00:25]} d4 {[%emt 0:02:39]} 27. Nh5 {[%emt 0:04:49]} Rag8 {[%emt 0:01:41]} 28. Qg5 {[%emt 0:10:15]} Qd8 {[%emt 0:00:25]} 29. Qxc5 {[%emt 0:00:33]} Bxg2 {[%emt 0:02:21]} 30. Rg3 {[%emt 0:04:56]} Nh4 {[%emt 0:02:46]} 31. Nf4 {[%emt 0:02:38]} Be4 {[%emt 0:04:39]} 32. Be2 {[%emt 0:01:19]} Nf5 {[%emt 0:01:06]} 33. Qe5 {[%emt 0:01:56]} Nxg3 {[%emt 0:02:25]} 34. hxg3 {[%emt 0:00:23]} Bd5 {[%emt 0:01:42]} 35. Bh5+ {[%emt 0:00:30]} Kf8 {[%emt 0:01:01]} 36. Rxd4 {[%emt 0:00:57]} Qg5 {[%emt 0:00:32]} 37. Rxd5 {[%emt 0:00:46]} 1-0

[Event "Kragero Resort A 2020"]
[Site "Kragero"]
[Date "2020.02.22"]
[Round "8.12"]
[White "Ranaldi, Lucas"]
[Black "Salimova, Nurgyul"]
[Result "1/2-1/2"]
[WhiteElo "2302"]
[BlackElo "2372"]
[Annotator "ChessBase"]
[PlyCount "71"]
[EventDate "2020.02.19"]
[EventType "swiss"]
[EventCountry "NOR"]
[SourceTitle "playchess.com"]
[Source "ChessBase"]
[SourceQuality "1"]
[TimeControl "5400+30"]

1. c4 {[%emt 0:00:15]} Nf6 {[%emt 0:00:29]} 2. g3 {[%emt 0:02:30]} g6 {[%emt 0:01:33]} 3. Bg2 {[%emt 0:02:56]} d5 {[%emt 0:03:07]} 4. cxd5 {[%emt 0:01:20]} Nxd5 {[%emt 0:01:57]} 5. Nc3 {[%emt 0:00:00]} Nb6 {[%emt 0:00:45]} 6. d3 {[%emt 0:00:00]} Bg7 {[%emt 0:00:19]} 7. Be3 {[%emt 0:02:46]} Nc6 {[%emt 0:03:43]} 8. Nf3 {[%emt 0:03:24]} O-O {[%emt 0:04:23]} 9. Qd2 {[%emt 0:02:59]} Nb4 {[%emt 0:12:22]} 10. h4 {[%emt 0:00:00]} h5 {[%emt 0:05:59]} 11. Rc1 {[%emt 0:05:51]} N4d5 {[%emt 0:04:04]} 12. Bh6 {[%emt 0:01:02]} Nf6 {[%emt 0:01:03]} 13. Bxg7 {[%emt 0:00:47]} Kxg7 {[%emt 0:00:07]} 14. d4 {[%emt 0:03:38]} c6 {[%emt 0:05:30]} 15. e4 {[%emt 0:06:20]} Bg4 {[%emt 0:03:22]} 16. Ne5 {[%emt 0:02:25]} Qd6 {[%emt 0:09:20]} 17. f3 {[%emt 0:20:35]} Be6 {[%emt 0:04:13]} 18. Kf2 {[%emt 0:08:15]} Rad8 {[%emt 0:01:24]} 19. Rhd1 {[%emt 0:00:40]} Nbd7 {[%emt 0:09:16]} 20. Nxd7 {[%emt 0:02:08]} Qxd7 {[%emt 0:01:32]} 21. Qe3 {[%emt 0:03:39]} Kh7 {[%emt 0:05:56]} 22. Rc2 {[%emt 0:00:00]} Bh3 {[%emt 0:01:49]} 23. Rcd2 {[%emt 0:00:59]} Bxg2 {[%emt 0:00:08]} 24. Kxg2 {[%emt 0:00:06]} Qe6 {[%emt 0:00:55]} 25. Qf2 {[%emt 0:04:06]} Qc4 {[%emt 0:02:40]} 26. Qe3 {[%emt 0:01:55]} Qe6 {[%emt 0:00:21]} 27. Rd3 {[%emt 0:01:59]} Rd7 {[%emt 0:01:03]} 28. b3 {[%emt 0:00:41]} Rdd8 {[%emt 0:03:08]} 29. Ne2 {[%emt 0:01:39]} Qc8 {[%emt 0:02:00]} 30. Nf4 {[%emt 0:01:24]} Qc7 {[%emt 0:13:25]} 31. d5 {[%emt 0:06:11]} a6 {[%emt 0:01:03]} 32. dxc6 {[%emt 0:07:12]} Rxd3 {[%emt 0:00:00]} 33. Qxd3 {[%emt 0:00:10]} Qxc6 {[%emt 0:00:00]} 34. e5 {[%emt 0:02:55]} Ng4 {[%emt 0:00:00]} 35. Re1 {[%emt 0:02:20]} Rc8 {[%emt 0:00:00]} 36. Re2 {[%emt 0:00:10]} 1/2-1/2